| 000 | 00474nam a22001455i 4500 | ||
|---|---|---|---|
| 001 | 171908 | ||
| 003 | ES-MaACL | ||
| 005 | 20230906214749.0 | ||
| 008 | 090608s1970 sp |||| | spa d | ||
| 100 | 1 |
_aMelchor, Angelina R. _9140533 |
|
| 245 | 1 | 0 |
_aNotas de mi viaje desde Venezuela a España y otros países europeos / _cAngelina R. Melchor. |
| 260 |
_aCádiez : _b[La autora, _c1970] |
||
| 300 |
_a68 p. : _b1 ret. aut. ; _c24 cm. |
||
| 852 |
_aES-MaACL _jC-41750 _9R.73403 |
||
| 999 |
_c171908 _d171908 |
||